Názory expertů na financování sociálního zabezpečení v ČSFR.

Hlavné zásady financovania sociálneho zabezpečenia. Vzťah medzi financovaním dávok dôchodkových, nemocenských, v nezamestnanosti, sociálnej starostlivosti a zdravotného zabezpečenia obyvateľov. Štát ako garant výplaty dávok. Doplnkové poisťovacie systémy. Správa sociálneho zabezpečenia. Valorizácia...

Descripción completa

Guardado en:
Detalles Bibliográficos
Autor principal: Uchytil, A.
Formato: Capítulo de libro
Lenguaje:checo
Materias:
Etiquetas: Agregar Etiqueta
Sin Etiquetas, Sea el primero en etiquetar este registro!

MARC

LEADER 00000naa a2200000 4500
001 r004716
005 20221125081318.3
041 0 |a cze 
044 |a [CS] 
245 1 0 |a Názory expertů na financování sociálního zabezpečení v ČSFR.  |c A. Uchytil 
520 |a Hlavné zásady financovania sociálneho zabezpečenia. Vzťah medzi financovaním dávok dôchodkových, nemocenských, v nezamestnanosti, sociálnej starostlivosti a zdravotného zabezpečenia obyvateľov. Štát ako garant výplaty dávok. Doplnkové poisťovacie systémy. Správa sociálneho zabezpečenia. Valorizácia dávok. Technické problémy valorizácie. 
610 2 0 |a zabezpečenie sociálne 
610 2 0 |a financovanie 
610 2 0 |a podpory v nezamestnanosti 
610 2 0 |a starostlivosť sociálna 
610 2 0 |a poistenie sociálne 
100 1 |a Uchytil, A.